| 000 | 00496nam a2200193 a 4500 | ||
|---|---|---|---|
| 005 | 20240323063638.0 | ||
| 008 | 991125n 000 0 spa u | ||
| 035 | _aUPN01000095231 | ||
| 100 | 1 |
_aTorres, Elena _951330 |
|
| 222 | _aEL MAESTRO RURAL | ||
| 245 | _aLa psicología y la enseñanza del número | ||
| 300 | _a12-16, 37 | ||
| 362 | 0 | _a1936 Vol. 8, No. 10, may. | |
| 653 | 0 | _aENSEÑANZA | |
| 653 | 0 | _aNUMEROS | |
| 653 | 0 | _aPSICOLOGIA | |
| 904 |
_aAC _b033042 |
||
| 905 | _aArticulo | ||
| 999 |
_c75402 _d75402 |
||